000 00728nam a22002177a 4500
005 20230214060727.0
008 230214b |||||||| |||| 00| 0 eng d
020 _a978-1-133-94092-0
082 _aG.S. 370.15 N712 2014
100 _aNilsen, Barbara Ann
_eauthor
245 _aWeek by week:
_bplans for documenting children's development /
_cBarbara Ann Nilsen
250 _a6th ed.
260 _aAustralia:
_bWadsworth, Cengage Learning,
_cc2014
300 _axvii, 443p.:
_bill. (some col.)
504 _aIncludes bibliographical references and index
541 _e4471
650 _aChild psychology
650 _aChild development
650 _aEarly childhood education
650 _aBehavioral assessment of children
999 _c1092
_d1092